Donavan's word jar / (Record no. 3254)

MARC details
000 -LEADER
fixed length control field 01125pam a2200337 a 4500
001 - CONTROL NUMBER
control field 3254
003 - CONTROL NUMBER IDENTIFIER
control field FISKH
005 - DATE AND TIME OF LATEST TRANSACTION
control field 20250305112617.0
008 - FIXED-LENGTH DATA ELEMENTS--GENERAL INFORMATION
fixed length control field 910211s1994 nyua j 000 1 eng
010 ## - LIBRARY OF CONGRESS CONTROL NUMBER
LC control number 91002470
020 ## - INTERNATIONAL STANDARD BOOK NUMBER
International Standard Book Number 0060201908:
020 ## - INTERNATIONAL STANDARD BOOK NUMBER
International Standard Book Number 0060201916 (lib. bdg.)
040 ## - CATALOGING SOURCE
Original cataloging agency DLC
Transcribing agency DLC
Modifying agency DLC
Language of cataloging eng
042 ## - AUTHENTICATION CODE
Authentication code lcac
050 00 - LIBRARY OF CONGRESS CALL NUMBER
Classification number PZ7.D3643
Item number Do 1994
082 00 - DEWEY DECIMAL CLASSIFICATION NUMBER
Classification number [Fic]
Edition number 20
100 1# - MAIN ENTRY--PERSONAL NAME
Personal name DeGross, Monalisa.
245 10 - TITLE STATEMENT
Title Donavan's word jar /
Statement of responsibility, etc. by Monalisa DeGross ; illustrations by Cheryl Hanna.
250 ## - EDITION STATEMENT
Edition statement First Scholastic printing, January 2000
260 ## - PUBLICATION, DISTRIBUTION, ETC.
Place of publication, distribution, etc. New York :
Name of publisher, distributor, etc. Scholastic,
Date of publication, distribution, etc. 1994
300 ## - PHYSICAL DESCRIPTION
Extent 71 pages :
Other physical details illustrations ;
Dimensions 20 cm
505 ## - FORMATTED CONTENTS NOTE
Formatted contents note Q<br/>
520 ## - SUMMARY, ETC.
Summary, etc. When the jar that Donavan keeps his word collection in fills up, he finds a special way to give his words away and get something wonderful in return.
521 8# - TARGET AUDIENCE NOTE
Target audience note 670<br/>
Source Lexile<br/>
521 8# - TARGET AUDIENCE NOTE
Target audience note Q<br/>
Source Raz-Plus<br/>
650 #1 - SUBJECT ADDED ENTRY--TOPICAL TERM
Topical term or geographic name entry element Vocabulary
General subdivision Fiction.
650 #1 - SUBJECT ADDED ENTRY--TOPICAL TERM
Topical term or geographic name entry element African Americans
Form subdivision Fiction.
700 1# - ADDED ENTRY--PERSONAL NAME
Personal name Hanna, Cheryl,
Relator term illustrator
906 ## - LOCAL DATA ELEMENT F, LDF (RLIN)
a 7
b cbc
c orignew
d 1
e ocip
f 19
g y-gencatlg
942 ## - ADDED ENTRY ELEMENTS (KOHA)
Source of classification or shelving scheme Dewey Decimal Classification
Koha item type Books
Suppress in OPAC No
Holdings
Withdrawn status Lost status Source of classification or shelving scheme Damaged status Not for loan Collection Home library Current library Shelving location Date acquired Total Checkouts Full call number Barcode Date last seen Copy number Price effective from Koha item type
    Dewey Decimal Classification     Juvenile Fiction Footprints International School Library Network Toul Kork Campus Footprints International School Library Network Toul Kork Campus TK Primary Library Room(4th Floor), Bookcase 5&6, Shelves 33-56, Orange Books 02/22/2024   DEG Fic PZ7.D3643 FISTK00097 02/22/2024 1 02/22/2024 Books
    Dewey Decimal Classification     Juvenile Fiction Footprints International School Library Network Toul Kork Campus Footprints International School Library Network Toul Kork Campus TK Primary Library Room(4th Floor), Bookcase 5&6, Shelves 33-56, Orange Books 02/22/2024   DEG Fic PZ7.D3643 FISTK00098 09/13/2024 2 02/22/2024 Books
    Dewey Decimal Classification     Juvenile Fiction Footprints International School Library Network Toul Kork Campus Footprints International School Library Network Toul Kork Campus TTP Primary Orange Bookshelves 02/11/2025   DEG Fic PZ7.D3643 2025-0491 02/11/2025 3 02/11/2025 Books
    Dewey Decimal Classification     Juvenile Fiction Footprints International School Library Network Toul Kork Campus Footprints International School Library Network Toul Kork Campus TTP Primary Orange Bookshelves 03/05/2025   DEG Fic PZ7.D3643 2025-0733 03/05/2025 4 03/05/2025 Books
    Dewey Decimal Classification     Juvenile Fiction Footprints International School Library Network Toul Kork Campus Footprints International School Library Network Toul Kork Campus TTP Primary Orange Bookshelves 03/05/2025   DEG Fic PZ7.D3643 2025-0734 03/05/2025 5 03/05/2025 Books